Επιστημονικά δημοσιεύματα Στρατιωτικής Σχολής Ευελπίδων
Αποθηκεύτηκε σε:
| Συγγραφή απο Οργανισμό/Αρχή: | |
|---|---|
| Μορφή: | Βιβλίο |
| Γλώσσα: | Greek |
| Δημοσίευση: |
Αθήνα :
Στρατιωτική Σχολή Ευελπίδων,
2003
|
| Θέματα: | |
| Ετικέτες: |
Προσθήκη ετικέτας
Δεν υπάρχουν, Καταχωρήστε ετικέτα πρώτοι!
|
MARC
| LEADER | 00000cam a2200000 i 4500 | ||
|---|---|---|---|
| 001 | 1/83297 | ||
| 008 | 050808s2003 gre d | ||
| 035 | |l 10079736 | ||
| 040 | |a GR-MY-UA |b gre |e aacr | ||
| 041 | 0 | |a gre | |
| 082 | 0 | |a 080 | |
| 110 | 2 | |a Στρατιωτική Σχολή Ευελπίδων. | |
| 245 | 1 | 0 | |a Επιστημονικά δημοσιεύματα Στρατιωτικής Σχολής Ευελπίδων / |c Στρατιωτική Σχολή Ευελπίδων |
| 260 | |a Αθήνα : |b Στρατιωτική Σχολή Ευελπίδων, |c 2003 | ||
| 300 | |a 373 σ.; |b εικ.; |c 24 cm. | ||
| 650 | 0 | 0 | |a Science. |
| 650 | 0 | 0 | |a Speeches, addresses, etc. |
| 852 | |a INST |b CHIOS |e 20050808 |h 080 ΣΤΡ |p 005200022319 |q 005200022319 |t BK |y 0 | ||
| 901 | |a BIBL2-2005-2 | ||
| 909 | |a Χ |b 112604 | ||
| 970 | |a ΧΑΖΙΡΗ |b ΑΝΝΑ |z 2005/08/08 | ||